[Event "SLO-ch U16"]
[Site "Murska Sobota"]
[Date "2007.02.27"]
[Round "4"]
[White "Titan, Matej"]
[Black "Serec, Domen"]
[Result "1-0"]
[WhiteElo "1599"]
[BlackElo "1528"]
[PlyCount "91"]
[EventDate "2007.02.25"]
[EventType "swiss"]
[EventRounds "9"]
[EventCountry "SLO"]
[SourceTitle "CBM 117 Extra"]
[Source "ChessBase"]
[SourceDate "2007.05.09"]
[SourceVersion "1"]
[SourceVersionDate "2007.05.09"]
[SourceQuality "1"]

1. d4 d5 2. c4 e6 3. Nf3 Nf6 4. g3 g6 5. Bg2 Bg7 6. 0-0 0-0 7. cxd5 exd5 8. Nc3 c6 9. Qb3 Re8 10. Bg5 Nbd7 11. e3 h6 12. Bxf6 Bxf6 13. Rfc1 Qb6 14. Na4 Qxb3 15. axb3 Nf8 16. Nb6 Rb8 17. Nxc8 Rexc8 18. Rxa7 g5 19. Rca1 g4 20. Nd2 Bd8 21. b4 Bb6 22. R7a2 Rd8 23. Nb1 Ne6 24. Nc3 Kf8 25. b5 Ke8 26. b4 Rdc8 27. bxc6 bxc6 28. b5 cxb5 29. Nxd5 Bd8 30. Rb2 h5 31. Rab1 Nc7 32. Nxc7+ Rxc7 33. Rxb5 Rxb5 34. Rxb5 Rc1+ 35. Bf1 h4 36. Re5+ Kd7 37. Re4 hxg3 38. hxg3 f6 39. Rxg4 Ke6 40. Kg2 Rc7 41. Kf3 Rc3 42. Rg8 Bb6 43. Re8+ Kf7 44. Re4 f5 45. Rf4 Kf6 46. Bh3 1-0

[Event "SLO-ch U16"]
[Site "Murska Sobota"]
[Date "2007.02.26"]
[Round "3"]
[White "Serec, Domen"]
[Black "Zupec, Jan"]
[Result "0-1"]
[WhiteElo "1528"]
[BlackElo "1846"]
[PlyCount "36"]
[EventDate "2007.02.25"]
[EventType "swiss"]
[EventRounds "9"]
[EventCountry "SLO"]
[SourceTitle "CBM 117 Extra"]
[Source "ChessBase"]
[SourceDate "2007.05.09"]
[SourceVersion "1"]
[SourceVersionDate "2007.05.09"]
[SourceQuality "1"]

1. d4 Nf6 2. c4 d5 3. Nc3 c6 4. Nf3 g6 5. Bg5 Bg7 6. e3 0-0 7. Qc2 Nbd7 8. Bd3 Qa5 9. 0-0 Re8 10. Qa4 Qxa4 11. Nxa4 dxc4 12. Be2 b5 13. Nc5 Nxc5 14. dxc5 Ne4 15. Rab1 Bf5 16. Rbd1 Bxb2 17. Nd4 Bxd4 18. Rxd4 Nxg5 0-1